Avian monitoring protocol a submissin to the CRC for avian study in situ (Registro nro. 11442)

Detalles MARC
000 -CABECERA
Campo de control 007980000a22002170004500
090 ## - CLASIFICACIÓN LOCAL
Colección AR
Consecutivo 02371
041 0# - IDIOMA
Código de idioma para texto/pista de sonido o título separado
100 1# - ASIENTO PRINCIPAL--NOMBRE PERSONAL
Nombre personal Baptiste, Luis Guillermo
245 10 - MENCION DE TITULO
Título Avian monitoring protocol a submissin to the CRC for avian study in situ
650 14 - ASIENTO SECUNDARIO DE MATERIA - TERMINO TEMATICO
Término temático o nombre geográfico como elemento de entrada Monitoreo de aves
650 14 - ASIENTO SECUNDARIO DE MATERIA - TERMINO TEMATICO
Término temático o nombre geográfico como elemento de entrada Conservación
650 14 - ASIENTO SECUNDARIO DE MATERIA - TERMINO TEMATICO
Término temático o nombre geográfico como elemento de entrada Técnicas de muestreo
700 1# - ASIENTO SECUNDARIO - NOMBRE PERSONAL
Nombre personal Jiménez Cruz, Ruth
700 1# - ASIENTO SECUNDARIO - NOMBRE PERSONAL
Nombre personal Costales, Adelaida
700 1# - ASIENTO SECUNDARIO - NOMBRE PERSONAL
Nombre personal Constantino, Luis Miguel
700 1# - ASIENTO SECUNDARIO - NOMBRE PERSONAL
Nombre personal Lin, Hwa Chang
700 1# - ASIENTO SECUNDARIO - NOMBRE PERSONAL
Nombre personal Luiz Kaminiski, Newton
700 1# - ASIENTO SECUNDARIO - NOMBRE PERSONAL
Nombre personal Small, Andrew
773 1# - Item fuente:
Título Protocol for a one year Pilot Monitoring Program for Birds of the Conservation and Research Center, front Royal Virginia
Especificación de materiales 1224
Paginas del Articulo 1-12
Lugar, editorial y fecha de publicación 1995
942 ## - ELEMENTOS ADICIONALES (KOHA)
Tipo de ítem Artículo
Existencias
Withdrawn status Lost status Damaged status No para préstamo Colección Ubicación Permanente Ubicación actual Fecha de adquisición Fuente de Valor Datos de publicación Seriada Total Checkouts Número topográfico Inventario / Código de Barras Date last seen Ejemplar Price effective from Forma de adquisición Tipo de material
      No para Préstamo Hemeroteca Bogotá Bogotá 27/02/2015 Ferreira Miani, Paola Fuera de circulación   AR 02371 012781 25/03/2015 1 25/03/2015   Artículo